=LDR 00000nam 2200000 4500 =001 INLIS000000000038732 =005 20130612144408 =008 ***********************************Ind** =035 ##$$0010-061300000038732 =041 ##$$a Ind =082 ##$$a 623.4 =090 ##$$a 623.4, Gra s =100 ##$$a Gravett, Chris =245 ##$$a Senjata dan baju perang, Oleh Chris Gravett; Alih Bahasa, Esthen Majani =260 ##$$a 2010 $b Jakarta =300 ##$$a 31 hlm, Ilus, 28 cm =650 ##$$a Senjata Perang =700 ##$$a Manjani, Esthen s =850 ##$$a NBPNMAT